Largest Cities in the World With at Least Two O's - Statistics

General Stats
  • This quiz has been taken 101 times
  • The average score is 13 of 25
Answer Stats
# Population Continent Answer % Correct
3 18,800,000 Europe Moscow
94%
2 23,000,000 South America São Paulo
94%
1 40,800,000 Asia Tokyo
94%
6 10,200,000 South America Bogotá
92%
5 13,400,000 South America Rio de Janeiro
92%
4 14,800,000 Europe London
91%
8 7,550,000 North America Toronto
91%
7 7,850,000 North America Boston
74%
11 5,150,000 South America Belo Horizonte
70%
10 7,050,000 North America Houston
62%
16 3,725,000 North America Orlando
55%
14 4,200,000 South America Porto Alegre
51%
15 4,175,000 North America Santo Domingo
47%
9 7,300,000 Asia Hong Kong
43%
20 2,500,000 Asia Sapporo
40%
22 2,250,000 Europe Stockholm
40%
17 2,800,000 Africa Ouagadougou
36%
12 4,975,000 Europe Cologne / Dusseldorf
34%
21 2,325,000 North America San Antonio
34%
13 4,900,000 Asia Colombo
25%
24 2,025,000 Asia George Town
9%
19 2,600,000 Africa Port Harcourt
8%
24 2,025,000 Africa Cotonou
6%
23 2,150,000 Asia Baotou
4%
18 2,625,000 Asia Hohhot
2%
No matching quizzes found
Score Distribution
Percent of People with Each Score
Percentile by Number Answered
Your Score History
You have not taken this quiz